000 00568nam a2200169 i 4500
001 83353
003 ES-MaACL
005 20230906174820.0
007 t|
008 041116s1979 sp ||||1| spa d
245 0 0 _aSalarios
_b: resultados corespondientes al primer trimestre de 1979 /
_cInstituto Nacional de Estadística.
260 _a[Madrid :
_bs.n.,
_c1979]
300 _aVII, 12 p. ;
_c24 cm.
650 4 _aSalarios-
_zEspaña-
_vEstadísticas.
_9151363
710 2 _aInstituto Nacional de Estadística (España)
_95162
852 _aES-MaACL
_j2106-F-30
_bR.99792
999 _c83353
_d83353